[Event "Pardubice Czech op"]
[Site "Pardubice"]
[Date "1998.??.??"]
[Round "9"]
[White "Faibisovich, Vadim Z"]
[Black "Pick, Stepan"]
[Result "1-0"]
[WhiteElo "2400"]
[BlackElo "2210"]

1.Nf3 c5 2.e4 Nc6 3.Bb5 g6 4.O-O Bg7 5.Re1 Nf6 6.c3 O-O 7.e5 Nd5 8.d4 cxd4
9.cxd4 d6 10.Nc3 Nxc3 11.bxc3 Bg4 12.exd6 Qxd6 13.a4 Rfe8 14.h3 Bxf3 15.Qxf3 a6
16.Bf4 Qd7 17.Bxc6 bxc6 18.Rab1 Qd5 19.Rb7 e6 20.Re3 Bf6 21.Bd6 Qxd6 22.Qxf6 Rf8
23.Rf3 Rab8 24.Qe7 Qxe7 25.Rxe7 c5 26.dxc5 Rbc8 27.Ra7 Rxc5 28.Rxa6 Rfc8
29.Ra7 R8c7 30.Rxc7 Rxc7 31.c4 Rxc4 32.Ra3 Rc6 33.a5 Ra6 34.f4 Kf8 35.Kf2 Ke7
36.Ke3 Kd6 37.Kd4 f6 38.g4 e5+ 39.fxe5+ fxe5+ 40.Ke4 Ke6 41.g5 Kd6 42.Rd3+ Kc6
43.Rd5 Ra7 44.Rxe5 Rf7 45.a6  1-0

[Event "Pardubice Czech op"]
[Site "Pardubice"]
[Date "1998.??.??"]
[Round "9"]
[White "Kholmov, Ratmir D"]
[Black "Movsesian, Sergei"]
[Result "1/2-1/2"]
[WhiteElo "2475"]
[BlackElo "2595"]

1.e4 c5 2.Nf3 Nc6 3.Bb5 d6 4.O-O Bg4 5.Re1 a6 6.Bxc6+ bxc6 7.c3 e6 8.h3 Bh5
9.d4 cxd4 10.cxd4 Be7 11.Qa4 Qd7 12.Nbd2 Nf6 13.e5 c5 14.Qxd7+ Nxd7 15.d5 Bxf3
16.Nxf3 Nxe5 17.Nxe5 dxe5 18.dxe6 f6 19.Be3 Bd6 20.Rac1 Rc8 21.Re2 Ke7 22.Rec2 Kxe6
23.Bxc5 Rhd8  1/2-1/2

[Event "Paris op"]
[Site "Paris"]
[Date "1998.??.??"]
[Round "1"]
[White "Charmeaux, Philippe"]
[Black "Eusebe, Aurelien"]
[Result "0-1"]
[WhiteElo "2080"]
[BlackElo "2220"]

1.e4 c5 2.Nf3 Nc6 3.Bb5 g6 4.O-O Bg7 5.d3 Qb6 6.Bxc6 Qxc6 7.a4 Nf6 8.Ne5 Qc7
9.Ng4 Nxg4 10.Qxg4 d5 11.Qh4 d4 12.Bh6 Bf6 13.Bg5 Bxg5 14.Qxg5 Be6 15.Na3 a6
16.Rab1 O-O 17.f4 f6 18.Qh4 Rf7 19.Rbe1 Kh8 20.b3 Qc6 21.Nc4 b5 22.Nb2 c4
23.dxc4 bxc4 24.f5 gxf5 25.exf5 Bd5 26.Qxd4 cxb3 27.cxb3 Bxg2 28.Re6 Qd5
29.Qxd5 Bxd5 30.Re3 Rg7+ 31.Rg3 Rb8 32.Rd1 Bxb3 33.Rd7 Rxg3+ 34.hxg3 Bc2
35.Nc4 Re8 36.Nb6 Bxf5 37.Ra7 Bd3 38.Nd5 Kg7 39.Nxe7 Kh6 40.Nc6 Re6 41.Nb4 Bc4
42.Rc7 Bb3 43.a5 Kg6 44.Nd3 Rd6 45.Nc5 Bc4 46.Nd7 Bd3 47.Kf2 h5 48.Ke3 Bb5
49.Nc5 Rd1 50.Kf4 Rf1+ 51.Ke4 Ra1 52.Ne6 Ra4+ 53.Kf3 Ra3+ 54.Kf4 Ra4+ 55.Kf3 Kf5
56.Ng7+ Ke5 57.Rc5+ Kd6 58.Rxh5 Rxa5 59.Nf5+ Ke6 60.Nd4+ Kf7 61.g4 Ra3+ 62.Ke4 Bd3+
63.Kf4 a5 64.Rd5 a4 65.Nf5 Rb3 66.Rd7+ Ke8 67.Re7+ Kd8 68.Re6 a3 69.Rxf6 Rb4+
70.Ke3 Bb5 71.Nd4 a2 72.Nc2 Rb2 73.Na1 Rb1 74.Rf8+ Ke7  0-1

[Event "Paris"]
[Site "Paris"]
[Date "1998.??.??"]
[Round "2"]
[White "Montheard, Xavier"]
[Black "Parmentier, Xavier"]
[Result "1-0"]
[WhiteElo "2220"]
[BlackElo "2335"]

1.e4 c5 2.Nf3 Nc6 3.Bb5 d6 4.O-O Bd7 5.Re1 Nf6 6.c3 a6 7.Bf1 Bg4 8.d3 g6
9.h3 Bxf3 10.Qxf3 Bg7 11.Be3 O-O 12.Nd2 Nd7 13.Qe2 b5 14.Rac1 b4 15.Nc4 bxc3
16.bxc3 Nb6 17.Nb2 a5 18.a4 Qd7 19.Qd2 e5 20.f4 exf4 21.Bxf4 d5 22.exd5 Nxd5
23.Be3 Nxe3 24.Qxe3 Nd4 25.Qe7 Qc6 26.Qe4 Qxe4 27.dxe4 Nb3 28.Rc2 Rfd8 29.Bc4 Rab8
30.Bd5 Nd4 31.Rf2 Ne6 32.Nd1 Rb1 33.Ref1 Ng5 34.Rd2 Kf8 35.h4 Nxe4 36.Bxe4 Rxd2
37.Bxb1 f5 38.Re1 Be5 39.Ne3 Bg3 40.Rf1 Bxh4 41.Nc4 Rd8 42.Bc2 Bf6 43.Rf3 Ra8
44.Kf1 Kg7 45.Ke2 h5 46.Rd3 h4 47.Rd7+ Kh6 48.Kd3 Kg5 49.Nb6 Rd8 50.Bd1 Be7
51.Rxd8 Bxd8 52.Nd7 h3 53.gxh3 Kh4 54.Kc4 g5 55.Kxc5 Kxh3 56.Kd4 f4 57.Ke4 Kg3
58.c4  1-0

[Event "Paris op"]
[Site "Paris"]
[Date "1998.??.??"]
[Round "3"]
[White "Fievet, Patrick"]
[Black "Parmentier, Xavier"]
[Result "1-0"]
[WhiteElo "2115"]
[BlackElo "2305"]

1.e4 c5 2.Nf3 Nc6 3.Bb5 e6 4.Bxc6 bxc6 5.d3 f6 6.O-O g6 7.c3 Nh6 8.d4 Nf7
9.Re1 cxd4 10.cxd4 d6 11.Nc3 Bg7 12.d5 cxd5 13.exd5 e5 14.Nd4 Qe7 15.Nc6 Qb7
16.b4 Bd7 17.b5 a6 18.Qb3 axb5 19.Qxb5 Qc7 20.Rb1 Rc8 21.Qb3 Bxc6 22.dxc6 Qxc6
23.Qe6+ Kf8 24.Nb5 Qc4 25.Qd7 Rd8 26.Qb7 Qc8 27.Qd5 Qa8 28.Qb3 Rb8 29.a4 h5
30.Ba3 h4 31.h3 Rh5 32.f3 Rf5 33.Qe6 Re8 34.Bxd6+ Nxd6 35.Qxd6+ Kg8 36.Nc7 Qa7+
37.Kh1 Rf8 38.Nd5 Rf7 39.Rb8+ Bf8 40.Reb1 Kg7 41.Qd8 Qf2 42.R8b7  1-0

[Event "Paris"]
[Site "Paris"]
[Date "1998.??.??"]
[Round "4"]
[White "Montheard, Xavier"]
[Black "Abergel, Thal"]
[Result "1/2-1/2"]
[WhiteElo "2220"]
[BlackElo "2125"]

1.e4 c5 2.Nf3 Nc6 3.Bb5 g6 4.Bxc6 bxc6 5.O-O Bg7 6.Re1 e5 7.b4 cxb4 8.a3 Ne7
9.Bb2 d6 10.d4 bxa3 11.Nxa3 Qc7 12.dxe5 dxe5 13.Nc4 Bg4 14.Qd6 Qxd6 15.Nxd6+ Kf8
16.Nxe5 Be6 17.Red1 g5 18.Ra5 Ng6 19.Nxg6+ hxg6 20.e5 Kg8 21.Rda1 Kh7 22.Ne4 Bh6
23.Nf6+ Kg7 24.g4 Rhd8 25.Rxa7 Rab8 26.Bc3 Kh8 27.Rc7 Rb6 28.h3 Rdb8 29.Kh2 Bg7
30.Ne4 Rb4 31.Nxg5 Rc4 32.Nxe6 fxe6 33.Raa7 Rg8 34.Ba1 Rxc2 35.Kg3 Rc1 36.Kg2 Rxa1
37.Rxa1 Bxe5 38.Raa7 Bxc7 39.Rxc7 Rg7 40.Rxc6 Re7 41.h4 Kg7 42.Kg3 Kf6 43.Rc3 Ra7
44.Rf3+ Kg7 45.Re3 Ra6 46.Rb3 Ra7 47.Rb6 Kf6 48.Rb5 Rc7 49.Ra5 Rb7 50.f3 Rc7
51.g5+ Kg7 52.Kf2 Rb7 53.Ra4 Rc7 54.Re4 Rc6 55.Ke3 Ra6 56.Kf4 Kf7 57.Rb4 Ra7
58.Ke3 Kg7 59.Kd4 Kf7 60.Ke5 Ra5+ 61.Ke4 Ra7 62.Ke3 Kg7 63.Rf4 Ra5 64.Rf6 Re5+
65.Kf2 Kh7 66.Rf7+ Kg8 67.Ra7 Kf8 68.Kg3 Re1 69.f4 Rg1+ 70.Kf3 Rh1 71.Ke4 Rxh4
72.Ke5 Rg4 73.Rh7 Kg8 74.Re7 Kf8 75.Rxe6 Kf7 76.Rf6+ Kg7 77.Ra6 Kf7 78.Ra7+ Kg8
79.Kf6 Rxf4+ 80.Kxg6 Rf8 81.Kh6 Rb8 82.g6 Rc8  1/2-1/2

[Event "Paris op"]
[Site "Paris"]
[Date "1998.??.??"]
[Round "5"]
[White "Eusebe, Aurelien"]
[Black "Lazarev, Vladimir"]
[Result "1/2-1/2"]
[WhiteElo "2220"]
[BlackElo "2450"]

1.e4 c5 2.Nf3 Nc6 3.Bb5 e6 4.O-O Nge7 5.b3 Ng6 6.Bb2 f6 7.Re1 Be7 8.c3 a6
9.Bf1 Nce5 10.Nxe5 fxe5 11.d4 cxd4 12.cxd4 O-O 13.Nd2 exd4 14.Bxd4 b5 15.a4 bxa4
16.Rxa4 Bb7 17.Qa1 Bf6 18.Nc4 Bxd4 19.Qxd4 Bc6 20.Ra2 Qc7 21.Rd2 Rab8 22.Qd6 Qxd6
23.Rxd6 Rxb3 24.Na5 Rb2 25.Nxc6 dxc6 26.f3 Rc2 27.Rb1 a5 28.Rd7 Rf7 29.Rd8+ Rf8
30.Rd7 Rf7 31.Rd8+ Rf8 32.Rd7 Ne5 33.Ra7 Rc5  1/2-1/2

[Event "Wch U12 Disney"]
[Site "Paris"]
[Date "1998.??.??"]
[Round "8"]
[White "Anisimov, Pavel"]
[Black "Bellaiche, Antony"]
[Result "1/2-1/2"]
[WhiteElo "2140"]
[BlackElo "2080"]

1.e4 c5 2.Nf3 Nc6 3.Bb5 g6 4.O-O Bg7 5.c3 e5 6.Bxc6 dxc6 7.d3 Qe7 8.Be3 Nf6
9.Nbd2 O-O 10.Nb3 b6 11.c4 Bg4 12.h3 Bxf3 13.Qxf3 Nd7 14.Rfe1 Rfd8 15.Rad1 Nf8
16.Qg3 Ne6 17.Nc1 Rd7 18.Ne2 Rad8 19.Bc1 Bf6 20.b3 Nd4 21.Nxd4 Rxd4 22.Bb2 R4d6
23.Re3 Rc8 24.Re2 Bg5 25.Bc1 Bxc1 26.Rxc1 Rcd8 27.Re3 Rd4 28.Rc3 Qd6 29.Rf3 b5
30.cxb5 cxb5 31.Qg5 b4 32.Rc4 Rxc4 33.dxc4 Kg7 34.h4 Re8 35.h5 h6 36.Qg4 Re6
37.Kh2 Rf6 38.hxg6 fxg6 39.Rxf6 Kxf6 40.Qc8 h5  1/2-1/2

[Event "Paris op"]
[Site "Paris"]
[Date "1998.??.??"]
[Round "8"]
[White "Kekelidze, Mikheil"]
[Black "De Sousa, Jose"]
[Result "1-0"]
[WhiteElo "2455"]
[BlackElo "2265"]

1.e4 c5 2.Nf3 Nc6 3.Bb5 d6 4.O-O Bd7 5.c3 a6 6.Bxc6 Bxc6 7.Re1 e6 8.d4 cxd4
9.cxd4 d5 10.e5 Ne7 11.Nc3 Ng6 12.g3 Be7 13.h4 h6 14.h5 Nf8 15.Nh2 Nh7 16.Qg4 Kf8
17.Be3 Bd7 18.Qd1 Qb6 19.Na4 Qb4 20.Nc5 Bxc5 21.dxc5 Bc6 22.Nf3 Qg4 23.Nd4 Qxd1
24.Rexd1 a5 25.b3 Ke7 26.a3 Rhc8 27.b4 axb4 28.axb4 Nf8 29.f4 Be8 30.Rdb1 f6
31.exf6+ gxf6 32.g4 Bd7 33.Nf3 e5 34.f5 Nh7 35.Nh4 Ng5 36.Bxg5 hxg5 37.Ng6+ Kf7
38.h6 Kg8 39.Ne7+ Kh7 40.Nxd5 Kxh6 41.Rxa8 Rxa8 42.Nb6 Bxf5 43.gxf5  1-0

[Event "HUN-ch op"]
[Site "Pecs"]
[Date "1998.??.??"]
[Round "2"]
[White "Amrein, Roland"]
[Black "Csiszar, Csaba"]
[Result "0-1"]
[WhiteElo "2235"]
[BlackElo "2410"]

1.e4 c5 2.Nf3 Nc6 3.Bb5 e6 4.O-O Nge7 5.Re1 a6 6.Bxc6 Nxc6 7.d4 cxd4 8.Nxd4 Qc7
9.Nc3 Bd6 10.g3 Nxd4 11.Qxd4 O-O 12.e5 Be7 13.Qg4 f5 14.exf6 Bxf6 15.Bf4 d6
16.Qd1 Bxc3 17.bxc3 e5 18.Qd5+ Kh8 19.Bg5 h6 20.Be3 Bg4 21.Rab1 Bf3 22.Qd3 b5
23.a4 Rab8 24.axb5 axb5 25.Rb4 Ba8 26.Reb1 Qc6 27.Kf1 Rb7 28.Ke2 d5 29.R1b3 Re7
30.Qxb5 Qf6 31.Qd3 d4 32.cxd4 exd4 33.Rxd4 Qxf2+ 34.Kd1 Bf3+ 35.Kc1 Qe1+
36.Kb2 Ra7 37.Bc1 Qa5 38.Ra3 Rb7+ 39.Ka2 Qc5 40.Bb2 Bh5 41.Ra6 Rxb2+ 42.Kxb2 Be2
43.Qxe2 Qxd4+ 44.Ka2 Rb8 45.c4 Qc3  0-1

[Event "Plzen opJ-C"]
[Site "Plzen"]
[Date "1998.??.??"]
[Round "3"]
[White "Hallerova, Eva"]
[Black "Novacek, Karel"]
[Result "1/2-1/2"]
[WhiteElo "2145"]
[BlackElo "2095"]

1.e4 c5 2.Nf3 Nc6 3.Bb5 Nf6 4.Qe2 g6 5.c3 Bg7 6.O-O O-O 7.Rd1 Qb6 8.Na3 a6
9.Ba4 Qc7 10.d4 b5 11.Bc2 d6 12.h3 Nh5 13.Be3 Na5 14.Rac1 e5 15.Nh2 Nf4 16.Bxf4 exf4
17.Qf3 g5 18.Qh5 h6 19.Ng4 Bxg4 20.Qxg4 Qc8 21.Qf3 Qe6 22.b4 Nb7 23.e5 Rab8
24.bxc5 dxc5 25.Bb1 f5 26.exf6 Bxf6 27.Qd3 Qf7  1/2-1/2

[Event "Plzen opJ-C"]
[Site "Plzen"]
[Date "1998.??.??"]
[Round "7"]
[White "Suran, Jan"]
[Black "Orsag, M."]
[Result "1/2-1/2"]
[WhiteElo "2295"]
[BlackElo "2140"]

1.e4 c5 2.Nf3 Nc6 3.Bb5 Nf6 4.Nc3 Nd4 5.Bd3 d6 6.Nxd4 cxd4 7.Ne2 e5 8.c3 d5
9.f3 dxe4 10.fxe4 Bc5 11.b4 Bb6 12.c4 O-O 13.O-O Bg4 14.c5 Bc7 15.h3 Be6
16.Ng3 g6 17.a4 h5 18.Qf3 Kg7 19.Ba3 Nh7 20.Rac1 Ng5 21.Qe2 Bxh3 22.gxh3 Nxh3+
23.Kh1 Nf4 24.Qf3 Qh4+ 25.Kg1 f5 26.exf5 e4 27.Bxe4 Nh3+ 28.Kg2 Ng5 29.f6+ Kh8
30.Rh1 Nxf3 31.Rxh4 Nxh4+ 32.Kh3 Bxg3 33.Kxg3 Nf5+ 34.Bxf5 gxf5 35.Bb2 d3
36.Rh1 Kh7 37.Rxh5+ Kg6 38.Rh1 Rae8 39.Kf3 Rg8 40.Rh4 Rd8 41.b5 Rh8 42.Rc4 Rh3+
43.Kg2 Rdh8 44.Be5 R3h4 45.Rxh4 Rxh4 46.c6 bxc6 47.bxc6 Rxa4 48.c7 Rc4 49.Kf3 f4
50.Bxf4 Kxf6 51.Ke3 Ke6 52.Kxd3 Rc1 53.Be3 a5 54.Bd4 a4 55.Bc3 Kd7 56.Kc4 Rb1
57.Bb4 Kxc7 58.Bf8 Rb3 59.Bb4 Kc6 60.Bc3 Rb1 61.Bb4 Rg1 62.Bc3 Rg4+ 63.Kd3 Kb5
64.Kc2 a3 65.Kb3 Ra4 66.Ka2 Kc4 67.Bg7 Ra8 68.Bf6 Kd3 69.Bg5 Ra6 70.Bf4 Kc4
71.Bg5 Ra7 72.Be3 Ra6 73.Bf4 Kd3  1/2-1/2

[Event "Plzen opJ-C"]
[Site "Plzen"]
[Date "1998.??.??"]
[Round "8"]
[White "Hallerova, Eva"]
[Black "Snajdr, Jiri"]
[Result "1/2-1/2"]
[WhiteElo "2145"]
[BlackElo "2100"]

1.e4 c5 2.Nf3 Nc6 3.Bb5 d6 4.O-O Nf6 5.Re1 Bd7 6.c3 a6 7.Bf1 Bg4 8.h3 Bh5
9.g4 Bg6 10.d3 e6 11.Bf4 Be7 12.Nbd2 Nd7 13.Nc4 e5 14.Bg3 h5 15.Ne3 hxg4
16.hxg4 Nf6 17.Nh4 Nxg4 18.Nxg6 Nxe3 19.Rxe3 fxg6 20.Qg4 g5 21.Bh3 Bf6 22.Kg2 Qe7
23.Rb1 g6 24.Qd1 Kf7 25.Qb3+ Kg7 26.Bg4 Rae8 27.a3 Rh6 28.Qd5 Nd8 29.b4 c4
30.Qxc4 Ne6 31.Bxe6 Qxe6 32.Qxe6 Rxe6 33.c4 g4 34.Re2 b6 35.a4 Rh8 36.f3 gxf3+
37.Kxf3 Bh4 38.Bxh4 Rxh4 39.Kg3 Rf4 40.a5 bxa5 41.bxa5 Ref6 42.Re3 Rf1 43.Rb6 Kh6
44.Rxa6 Kh5 45.Ra8 Kg5 46.a6 R6f4 47.a7 Rg4+ 48.Kh2 Rf2+ 49.Kh3 Rh4+ 50.Kg3 Rhh2
51.Rg8  1/2-1/2

[Event "Plzen opJ"]
[Site "Plzen"]
[Date "1998.??.??"]
[Round "8"]
[White "Solodovnichenko, Yuri"]
[Black "Starostits, Ilmas"]
[Result "1-0"]
[WhiteElo "2415"]
[BlackElo "2140"]

1.e4 c5 2.Nf3 Nc6 3.Bb5 g6 4.Bxc6 bxc6 5.O-O d5 6.d3 Bg7 7.Re1 Rb8 8.Nc3 Nf6
9.e5 Nd7 10.b3 O-O 11.Bf4 Rb4 12.Qd2 f6 13.e6 Nb8 14.Na4 Na6 15.c3 Rb7 16.d4 c4
17.b4 g5 18.Bg3 Qe8 19.Nc5 Nxc5 20.dxc5 Qg6 21.Nd4 f5 22.Be5 Bxe5 23.Rxe5 Rc7
24.f4 g4 25.Rae1 Kh8 26.Qc2 Bb7 27.Rxf5 Rcc8 28.Rxf8+ Rxf8 29.Qxg6 hxg6 30.g3 Kg7
31.Re5 Rc8 32.Rg5 Kf6 33.Rxg4 a5 34.bxa5 Ra8 35.Rh4 Bc8 36.Rh8  1-0

[Event "Prievidza Cup 29th"]
[Site "Prievidza"]
[Date "1998.??.??"]
[Round "2"]
[White "Fuksik, Jakub"]
[Black "Salai, Ladislav"]
[Result "1/2-1/2"]
[WhiteElo "2285"]
[BlackElo "2430"]

1.e4 c5 2.Nf3 Nc6 3.Bb5 g6 4.Bxc6 dxc6 5.h3 e5 6.d3 f6 7.Be3 Nh6 8.O-O Nf7
9.a4 Qe7 10.Na3 Bg7 11.Nc4 Be6 12.Nfd2 O-O 13.a5 Bh6 14.Bxh6 Nxh6 15.f4 exf4
16.Rxf4 g5 17.Rf1 g4 18.hxg4 Nxg4 19.Rf4 Qg7 20.Qf3 Ne5 21.Qf2 Qg5 22.Ne3 Rad8
23.Nf5 Kh8 24.Nf1 Rxd3 25.Qxc5 Rg8 26.Qf2 Ng6 27.Rf3 Rxf3 28.Qxf3 Ne5 29.Qf2 Bxf5
30.exf5 Rd8 31.Re1 Rd4 32.g3 c5 33.Kg2 Kg7 34.b3 h5 35.c3 Rd5 36.Qf4 Qxf4
37.gxf4 Nc6 38.a6 bxa6 39.Re6 Na5 40.Rxa6 Nxb3 41.Rxa7+ Kg8 42.Ra6 Rxf5 43.Ng3 Rxf4
44.Nxh5 Rg4+ 45.Kf3 Rh4  1/2-1/2

[Event "Prievidza Cup 29th"]
[Site "Prievidza"]
[Date "1998.??.??"]
[Round "9"]
[White "Huba, Martin"]
[Black "Salai, Ladislav"]
[Result "0-1"]
[WhiteElo "2135"]
[BlackElo "2430"]

1.e4 c5 2.Nf3 Nc6 3.Bb5 g6 4.O-O Bg7 5.c3 Nf6 6.Re1 O-O 7.d4 d5 8.e5 Ne4
9.Nbd2 cxd4 10.cxd4 Qb6 11.Bxc6 Qxc6 12.Nb3 a5 13.Bf4 a4 14.Nbd2 Be6 15.Qe2 Rfc8
16.Nxe4 dxe4 17.Qxe4 Qxe4 18.Rxe4 Rc2 19.Ree1 Rxb2 20.a3 Rc8 21.Rec1 Rbc2
22.h3 Bf8 23.Ne1 R2c4 24.Be3 Bf5 25.Rxc4 Rxc4 26.Rc1 Rxc1 27.Bxc1 f6 28.f4 Kf7
29.Kf2 Ke6 30.Ke3 Kd5 31.g4 Be4 32.Nd3 Bxd3 33.Kxd3 f5 34.gxf5 gxf5 35.Bd2 e6
36.Bc1 b5 37.Bb2 b4 38.axb4 Bxb4 39.Ba1 a3 40.Kc2 Kc4 41.Kb1 Bd2  0-1

[Event "RUS-ch sf"]
[Site "Pskov"]
[Date "1998.??.??"]
[Round "3"]
[White "Hamatgaleev, Alexej"]
[Black "Shariyazdanov, Andrey"]
[Result "1/2-1/2"]
[WhiteElo "2310"]
[BlackElo "2495"]

1.e4 c5 2.Nf3 Nc6 3.Bb5 e6 4.O-O Nge7 5.Re1 a6 6.Bxc6 Nxc6 7.d4 cxd4 8.Nxd4 d6
9.Nc3 Bd7 10.Nxc6 Bxc6 11.Qg4 h5  1/2-1/2

[Event "RUS-ch sf"]
[Site "Pskov"]
[Date "1998.??.??"]
[Round "5"]
[White "Alavkin, Arseny"]
[Black "Filipenko, Alexander V"]
[Result "1/2-1/2"]
[WhiteElo "2440"]
[BlackElo "2365"]

1.e4 c5 2.Nf3 Nc6 3.Bb5 e6 4.Bxc6 bxc6 5.b3 f6 6.O-O Nh6 7.d4 Nf7 8.Ba3 cxd4
9.Bxf8 Kxf8 10.Qxd4 Qc7 11.c4 c5 12.Qe3 Bb7 13.Nc3 g6 14.Ne1 Kg7 15.Nd3 d6
16.f4 Qc6 17.Rf2 Rhe8 18.e5 Rac8 19.Raf1 Nh6 20.exf6+ Kxf6 21.Qh3 Kg7 22.Re1 Nf5
23.Ne4 h6 24.Qg4 Qd7 25.Qd1 Nd4 26.Qa1 Bxe4 27.Rxe4 a5 28.Qc3 Ra8 29.Rd2 Kg8
30.Nf2 Qg7 31.Kf1 Reb8 32.Nd3 Rf8 33.Rf2 Rfb8 34.Re1 a4 35.b4 cxb4 36.Nxb4 Kf7
37.Rd2 e5 38.fxe5 dxe5 39.Nd5 Kg8 40.Rf2 Rf8 41.Rxf8+ Rxf8+ 42.Kg1  1/2-1/2

[Event "Ptuj"]
[Site "Ptuj"]
[Date "1998.??.??"]
[Round "?"]
[White "Roskar, Robert"]
[Black "Polajzer, Danilo"]
[Result "1/2-1/2"]
[WhiteElo "2270"]
[BlackElo "2420"]

1.e4 c5 2.Nf3 Nc6 3.Bb5 Nf6 4.Nc3 g6 5.O-O Bg7 6.Re1 O-O 7.h3 Ne8 8.Nd5 Nc7
9.Nxc7 Qxc7 10.c3 Qb6 11.Ba4 d6 12.d3 Bd7 13.Re2 Qa6 14.Bg5 Rfe8 15.Bb3 b5
16.Qd2 c4 17.Bc2 cxd3 18.Bxd3 Qb7 19.Rc1 Be6 20.Bb1 Rac8 21.Bh6 Bh8 22.Ng5 Bc4
23.Ree1 b4 24.Nf3 bxc3 25.Rxc3 Ne5 26.Nxe5 Bxe5 27.Rc2 Be6 28.b3 Rxc2 29.Qxc2 Rc8
30.Qe2 a5 31.Bd2 Qa7 32.Rc1 Ra8 33.Bc3 Bxc3 34.Rxc3 a4 35.bxa4 Qd4 36.Qd3 Rxa4
37.a3 Qb6 38.Bc2 Ra5 39.Qe3 Qb2 40.Kh2 Qb8 41.Kg1 Rb5 42.Bd3 Rb2 43.Bc2 Ra2
44.f4 d5 45.exd5 Bxd5 46.Be4 Qb7 47.Bxd5 Qxd5 48.Qf3 Qxf3 49.Rxf3 h5 50.h4 Kg7
51.Kh2 Kf6 52.Re3 e6 53.Kg3 Ke7 54.Rd3  1/2-1/2

[Event "CRO-Cup"]
[Site "Pula"]
[Date "1998.??.??"]
[Round "1"]
[White "Grosar, Aljosa"]
[Black "Kozul, Zdenko"]
[Result "1/2-1/2"]
[WhiteElo "2470"]
[BlackElo "2585"]

1.e4 c5 2.Nf3 Nc6 3.Bb5 g6 4.Bxc6 dxc6 5.d3 Bg7 6.h3 Nf6 7.Nc3 O-O 8.Be3 b6
9.Qd2 Re8 10.g4 Nd7 11.Bh6 Bh8 12.Ng5 e5 13.h4 f6 14.Nh3 Nf8 15.Rg1 Ne6 16.O-O-O a5
17.f4 exf4 18.Nxf4 a4 19.Rdf1 a3 20.b3 Nxf4 21.Bxf4 Be6 22.Nd1 Qd4 23.Qf2 Bg7
24.Be3 Qd7 25.Qe2 Rad8 26.Bd2 b5 27.Bc3 b4 28.Ba1 Qe7 29.Qf2 Rf8 30.Ne3 Bc8
31.Rg3 Ba6 32.Rfg1 Kh8 33.Nd1 f5 34.Bxg7+ Qxg7 35.gxf5 Qa1+ 36.Kd2 Qe5 37.Qe3 gxf5
38.Qg5 c4 39.h5 Qf6 40.exf5 Qxg5+ 41.Rxg5 cxb3 42.axb3 Bc8 43.Ne3 Rde8 44.R5g4 c5
45.Rc4 Bxf5 46.Rxc5 Bh3 47.d4 Rf2+ 48.Kd3 Rf3 49.Re5 Rxe5 50.dxe5 Bf1+ 51.Ke4 a2
52.Kxf3 a1=Q 53.Rxf1 Qxe5 54.Rh1 h6 55.Rh4 Qc5 56.Kf2 Kg7 57.Rg4+ Kf7 58.Rc4 Qxh5
59.Rxb4 Qh2+ 60.Kf3 Qh3+ 61.Kf2 h5 62.Rf4+ Ke6 63.b4 Ke5 64.Ng2 Qc3 65.Kg1 Ke6
66.Kh2 Qxc2 67.Kg1 Ke5 68.Kh2 Qb3 69.Kg1 Qg3 70.Kh1 Kd6 71.Kg1 Kc6 72.Kh1 Qg5
73.Kg1 Kb5 74.Kh1 Ka4 75.Kg1 Kb3 76.Kh1 Kc3 77.Kg1 Qg6 78.Kh2 Qe8  1/2-1/2

[Event "CRO-chT2"]
[Site "Pula"]
[Date "1998.??.??"]
[Round "3"]
[White "Levacic, Patrick"]
[Black "Kosanski, Stanko"]
[Result "1-0"]
[WhiteElo "2365"]
[BlackElo "2365"]

1.e4 c5 2.Nf3 Nc6 3.Bb5 d6 4.O-O Bd7 5.c3 Nf6 6.Re1 Qb6 7.Na3 e5 8.d4 cxd4
9.cxd4 Nxd4 10.Nxd4 Qxd4 11.Qb3 Be7 12.Bxd7+ Nxd7 13.Qxb7 Rb8 14.Qc6 Qc5
15.Qa4 Qb4 16.Qxb4 Rxb4 17.b3 O-O 18.Nc4 Nc5 19.Ba3 Rb5 20.Rad1 Rd8 21.Rd5 f6
22.Red1 a6 23.Bxc5 Rxc5 24.Rxc5 dxc5 25.Rxd8+ Bxd8 26.Kf1 Kf7 27.Ke2 Ke6
28.Ne3 h5 29.Kd3 g6 30.Kc4 Kd6 31.h3 Ba5 32.Nd5 Bd8 33.Nc3 Ba5 34.Na4 Bb4
35.Nb2 h4 36.Nd3 Ba3 37.Ne1 Bb2 38.Nf3 g5 39.Nh2 Ke6 40.f3 Bd4 41.Ng4 Bg1
42.Nh6 Bf2 43.Nf5 Bg1 44.Nh6 Bd4 45.Ng4 Bg1 46.a3 f5 47.Nh6 fxe4 48.fxe4 Bd4
49.Ng4 Bg1 50.Kd3 Kd6 51.Nf6 Bh2 52.Nd5 Bg1 53.Nb6 Ke6 54.Ke2 Bd4 55.Kf3 Kf6
56.Kg4 Bb2 57.Nd7+ Kg6 58.Nxc5 a5 59.Nb7 Bc3 60.Nd8 Kf6 61.Nc6 Bd2 62.Kf3 Ke6
63.Ke2 Bc3 64.Kd3 Be1 65.b4 a4 66.Na5 Kf6 67.Nc4 Bf2 68.Ke2 Bd4 69.Kf3 Ke6
70.Kg4 Kd7 71.b5  1-0

[Event "Jirasek mem"]
[Site "Rakovnik"]
[Date "1998.??.??"]
[Round "2"]
[White "Koutecky, Vaclav"]
[Black "Pliva, Vojtech"]
[Result "1/2-1/2"]
[WhiteElo "1830"]
[BlackElo "2115"]

1.e4 c5 2.Nf3 Nc6 3.Bb5 e6 4.O-O Nge7 5.Re1 a6 6.Bf1 d6 7.d4 cxd4 8.Nxd4 Nxd4
9.Qxd4 Nc6 10.Qd2 Be7 11.c4 O-O  1/2-1/2

[Event "Regensburg op"]
[Site "Regensburg"]
[Date "1998.??.??"]
[Round "2"]
[White "Grafl, Florian"]
[Black "Teske, Henrik"]
[Result "0-1"]
[WhiteElo "2165"]
[BlackElo "2475"]

1.e4 c5 2.Nf3 Nc6 3.Bb5 e5 4.Bxc6 dxc6 5.Nc3 Bd6 6.d3 Ne7 7.b3 Ng6 8.h3 Nf8
9.Ne2 Ne6 10.Ng3 h5 11.Nf5 Bc7 12.Bb2 Qf6 13.Qd2 g6 14.Ne3 Nd4 15.Ng1 Bd7
16.O-O-O O-O-O 17.Rf1 Qe7 18.Ne2 f5 19.f3 Rh7 20.Nc4 f4 21.Nxd4 cxd4 22.Ba3 c5
23.b4 b5 24.Nb2 Qe6 25.bxc5 Qxa2 26.Qb4 a5 27.Qb3 Qxb3 28.cxb3 b4 29.Nc4 bxa3  0-1

[Event "ISL-chT9899"]
[Site "Reykjavik"]
[Date "1998.??.??"]
[Round "?"]
[White "Jonsson, Johannes G"]
[Black "Asgeirsson, Heimir"]
[Result "1-0"]
[WhiteElo "2315"]
[BlackElo "2118"]

1.e4 c5 2.Nf3 Nc6 3.Bb5 e6 4.O-O Nge7 5.c3 a6 6.Ba4 d5 7.exd5 Qxd5 8.d4 cxd4
9.cxd4 b5 10.Bb3 Qd8 11.Nc3 Nd5 12.Nxd5 exd5 13.Ng5 Be7 14.Nxf7 Kxf7 15.Qh5+ Ke6
16.Bxd5+ Kd7 17.Bf4 Bd6 18.Rac1 Bb7 19.Bxd6 Rc8 20.Bg3  1-0

[Event "VISA GP"]
[Site "Reykjavik"]
[Date "1998.??.??"]
[Round "4"]
[White "Mortensen, Erling"]
[Black "Van der Weide, Karel"]
[Result "0-1"]
[WhiteElo "2510"]
[BlackElo "2450"]

1.e4 c5 2.Nf3 Nc6 3.Bb5 g6 4.O-O Bg7 5.c3 e5 6.d4 cxd4 7.cxd4 exd4 8.Bf4 Nge7
9.Bd6 O-O 10.a4 b6 11.Nbd2 Bb7 12.Bc4 h6 13.b4 a5 14.b5 Na7 15.Qb3 Nac8 16.Ba3 d5
17.Bxd5 Bxd5 18.exd5 Re8 19.Rfe1 Ra7 20.Rac1 Rd7 21.Nc4 Rxd5 22.Nce5 Bxe5
23.Nxe5 Nf5 24.f4 d3 25.Red1 Rdxe5 26.fxe5 Qd4+ 27.Kh1 d2 28.Rc7 Ncd6 29.Bxd6 Nxd6
30.Qc3 Qxc3 31.Rxc3 Rxe5 32.Rf3 Re1+ 33.Rf1 Rxf1+ 34.Rxf1 Ne4  0-1

[Event "Rhein an Main op"]
[Site "Rhein"]
[Date "1998.??.??"]
[Round "6"]
[White "Zunker, Reinhard"]
[Black "Wissemann, Andreas"]
[Result "1/2-1/2"]
[WhiteElo "2165"]
[BlackElo "2070"]

1.e4 c5 2.Nf3 Nc6 3.Bb5 g6 4.O-O Bg7 5.c3 Nf6 6.Re1 O-O 7.a4 d6 8.h3 e5 9.d4 exd4
10.cxd4 Nxd4 11.Nxd4 cxd4 12.Qxd4 Ne8 13.Qb4 Nc7 14.Nc3 d5 15.Bf4 a6 16.Bf1 d4
17.Bxc7 Qxc7 18.Nd5 Qd8 19.a5 Be6 20.Nb6 Rb8 21.Rad1 Qg5 22.g3 Rbd8 23.Rd3 Rfe8
24.f4  1/2-1/2

[Event "Rhein an Main op"]
[Site "Rhein"]
[Date "1998.??.??"]
[Round "7"]
[White "Wendel, Stefan"]
[Black "Lisanti, Andre"]
[Result "1/2-1/2"]
[WhiteElo "2220"]
[BlackElo "2350"]

1.e4 c5 2.Nf3 Nc6 3.Bb5 d6 4.O-O Bd7 5.c3 a6 6.Ba4 c4 7.d4 cxd3 8.Qxd3 Nf6
9.h3 Qa5 10.Bxc6 Bxc6 11.Re1 e6 12.Bg5 Be7 13.Nbd2 Qc7 14.Rad1 O-O 15.Nd4 Bd7
16.N2f3 Rfd8 17.e5 dxe5 18.Nxe5 Be8 19.Qf3 Rd5 20.Qe2 Rad8 21.Nxf7 Rxd4 22.Nxd8 Rxd8
23.Qxe6+ Bf7 24.Rxd8+ Bxd8 25.Qf5 h6 26.Bf4 Qc6 27.Rd1 Be7 28.Qe5 Bf8 29.b3 Nd5
30.Bd2 Bd6 31.Qd4 Bc5 32.Qe5 Qb6 33.Qb8+ Kh7 34.Qg3 Nf6 35.b4 Bf8 36.Be3 Qc6
37.Bd4 Bd6 38.Be5 Bxe5 39.Qxe5 Qe4 40.Qxe4+ Nxe4 41.c4 Nc3 42.Rd2 Nb1 43.Rb2 Na3
44.c5 Bd5 45.f4 Bc6 46.g4 Kg6 47.Kf2 a5 48.bxa5 Nc4 49.Re2 Kf6 50.f5 Nxa5
51.Kg3 Bd5 52.Kf4 Nc6 53.h4 g5+ 54.fxg6 Kxg6 55.Rd2 Be6 56.Rd6 Kf6 57.g5+ hxg5+
58.hxg5+ Ke7 59.a3 Na5 60.Rb6 Bd5  1/2-1/2

[Event "BRA-ch"]
[Site "Rio de Janeiro"]
[Date "1998.??.??"]
[Round "1"]
[White "Guimaraes, Wagner Peixoto"]
[Black "Rocha, Wellington Carlos"]
[Result "1/2-1/2"]
[WhiteElo "2260"]
[BlackElo "2325"]

1.e4 c5 2.Nf3 Nc6 3.Bb5 e6 4.O-O Nge7 5.Re1 a6 6.Bf1 Qc7 7.c3 d6 8.d4 e5
9.Na3 Bg4 10.d5 Nb8 11.h3 Bh5 12.Qa4+ Nd7 13.g4 Bg6 14.Bb5 Qd8 15.Nc4 Nc8
16.Bxd7+ Qxd7 17.Qxd7+ Kxd7 18.a4 Be7 19.b4 cxb4 20.cxb4 Bd8 21.Bb2 f6 22.Nfd2 h5
23.Kg2 Nb6 24.a5 Nxc4 25.Nxc4 Rc8 26.Rac1 Bc7 27.f3 Bf7 28.Re3 g6 29.Rec3 hxg4
30.hxg4 Rhg8 31.Rh1 Rh8 32.Rhc1 Rhg8  1/2-1/2

[Event "BRA-ch"]
[Site "Rio de Janeiro"]
[Date "1998.??.??"]
[Round "8"]
[White "Matsuura, Everaldo"]
[Black "Limp, Eduardo"]
[Result "1/2-1/2"]
[WhiteElo "2405"]
[BlackElo "2415"]

1.e4 c5 2.Nf3 Nc6 3.Bb5 d6 4.O-O Bd7 5.Re1 Nf6 6.c3 e6 7.d4 cxd4 8.cxd4 d5
9.exd5 Nxd5 10.Nc3 Nxc3 11.bxc3 Be7 12.d5 exd5 13.Bg5 Be6 14.Bxe7 Qxe7 15.Nd4 O-O
16.Nxc6 bxc6 17.Bxc6 Rac8 18.Bxd5 Rxc3 19.Rc1 Rxc1 20.Qxc1 Rd8 21.Bxe6 fxe6
22.Qc4 Kf7 23.g3 Rd7 24.Qe4 h6 25.h4 Qf6 26.Qc6 Ke7 27.Qc5+ Kf7 28.Qc6 Re7
29.Rd1 Qf5 30.Kg2 Kg6 31.Rd4 Kh7 32.g4 Qf6 33.Qe4+ Qg6 34.h5 Qxe4+ 35.Rxe4 Kg8
36.Kf3 Kf7 37.Ra4 Kf6 38.Ke4 Rc7 39.f3 Rd7 40.Ra6 Ke7 41.f4 Kf7 42.g5 Ke7
43.Rc6 Rd5 44.Rc7+ Kf8 45.g6 Ra5 46.Rf7+ Kg8 47.Re7 Kf8 48.Rxe6 Rxa2 49.Rc6 Re2+
50.Kd5 Re8 51.f5 Kg8 52.f6 gxf6 53.Rxf6 Re1 54.Rc6 Rd1+ 55.Ke6 Re1+ 56.Kf5 Rf1+
57.Ke6 Re1+ 58.Kf5  1/2-1/2